| 000 | 02342nam0a2200445 4500 | ||
|---|---|---|---|
| 001 | RU\NLR\bibl\1525181 | ||
| 005 | 20260406212942.0 | ||
| 010 |
_a978-5-317-03105-3 _9100 |
||
| 021 |
_aRU _b2010-37914 _92540 |
||
| 035 | _a(NLR Aleph) 001516530 | ||
| 090 |
_a113565 _c113565 |
||
| 100 | _a20100519d2009 |||y0rusy50 ca | ||
| 101 | 0 | _arus | |
| 102 | _aRU | ||
| 105 | _ay dm ||||| | ||
| 200 | 1 |
_aАктуальные проблемы современной социологии и политологии _eмонография _f[Боровлева Е.И., Буханов М.В., Волосков И.В. и др.] _gпод общ. ред. Л.Н. Панковой _gМоск. гос. ун-т им. М.В. Ломоносова, Ин-т переподгот. и повышения квалификации преподавателей гуманитар. и социальных наук |
|
| 210 |
_aМосква _cМАКС ПРЕСС _d2009 |
||
| 215 |
_a178, [1] с. _d21 |
||
| 300 | _aАвт. указаны в содерж. | ||
| 320 | _aБиблиогр. в конце ст. | ||
| 606 | 1 |
_aСоциология _9893563 _3RU\NLR\auth\663357 |
|
| 606 | 1 |
_aПолитология _91294414 _3RU\NLR\auth\66217824 |
|
| 610 | 0 | _aСоциология | |
| 610 | 0 | _aСоциология -- Социальные институты -- Политические институты -- Государство, власть, политика | |
| 686 |
_aС5,0 _2rubbk |
||
| 686 |
_aС555.511,0 _2rubbk |
||
| 686 | _aС51(2) | ||
| 686 | _aФ.в | ||
| 701 | 1 |
_aБоровлева _bЕ. И. _4070 |
|
| 701 | 1 |
_aБуханов _bМ. В. _4070 |
|
| 701 | 1 |
_aВолосков _bИ. В. _gИгорь Владимирович _4070 |
|
| 702 | 1 |
_4340 _7ca _8rus _aПанкова _bЛ. Н. _cд-р филос. наук, канд. ист. наук _f1954- _gЛюдмила Николаевна _9173554 _3RU\NLR\AUTH\770173605 |
|
| 712 | 0 | 2 |
_4570 _aИнститут переподготовки и повышения квалификации преподавателей гуманитарных и социальных наук _cМосква _3RU\NLR\AUTH\889970589 _9437564 |
| 801 | 0 |
_aRU _bРГБ _c20100519 _grcr |
|
| 801 | 1 |
_aRU _bРГБ _c20100519 |
|
| 801 | 2 |
_aRU _bNLR _c20100621 _grcr |
|
| 942 | _cBOOK | ||
| 980 | _aNB | ||